Métodos numéricos de análisis
| Main Authors: | , , |
|---|---|
| Format: | Section = Libro |
| Language: | Undetermined Spanish |
| Published: |
Madrid, España
Paraninfo
1980
|
| Subjects: |
| LEADER | 00526nam a2200205Ia 4500 | ||
|---|---|---|---|
| 008 | 240829s9999 xx 000 0 und d | ||
| 020 | |a 84-283-1056-4 | ||
| 040 | |a BIBLIOTECA-RUSB/ 511.7 D379 | ||
| 041 | |a spa | ||
| 082 | |a 511.7 D379 | ||
| 100 | 1 | |a Demidowitsch, B.P | |
| 100 | 1 | |b Maron, A. | |
| 100 | 1 | |c Schuwalowa, E. S | |
| 245 | 1 | 0 | |a Métodos numéricos de análisis |
| 260 | |a Madrid, España |b Paraninfo |c 1980 | ||
| 300 | |a 483 p. :il. | ||
| 650 | 7 | |a ANALISIS NUMERICO | |
| 942 | |c BK |2 ddc | ||
| 991 | |a TEXTO | ||
| 999 | |c 1326 | ||